000 00511nam a2200181Ia 4500
008 100920s9999 xx 000 0 und d
082 _b45051
_a--- थ 81
100 _aकीर गिरीजा.
245 _aदंश.
260 _bदिनपुष्प प्रकाशन, मुंबई 4.
_c1981
300 _a90
_bसाधी
365 _b14
520 _aकादंबरी.
630 _aदंश.
650 _aकादंबरी.
730 _aदंश.
942 _cBOOK
999 _c693503
_d693500